000 00316nam a22001337a 4500
003 SGT
020 _a978934836632
082 _a371.9046,YAD
100 _aYADAV, PRIYANKA
245 _aUNLOCKING INCLUSIVE EDUCATION
260 _aNEW DELHI
_bNEELKAMAL PUBLICATIONS PVT. LTD
_c2025
300 _a228
942 _2ddc
_cBK
999 _c33228
_d33228